| 000 | 00664nam a2200193 i 4500 | ||
|---|---|---|---|
| 001 | 59323 | ||
| 003 | ES-MaACL | ||
| 005 | 20250822035135.0 | ||
| 007 | t| | ||
| 008 | 031028s1965 sp ||||1| spa d | ||
| 100 | 1 |
_aEllis, Havelock ( _d1859-1939) _947049 |
|
| 245 | 1 | 0 |
_aPsicología de los sexos _b: la biologia de los sexos. El impulso sexual en la juventud / _cHenry Havelock Ellis ; traducción del inglés Manuel Scholz Rich. |
| 260 |
_aBarcelona : _bIberia, _c[1965] |
||
| 300 |
_a343 p. ; _c21 cm. |
||
| 650 | 7 |
_aPsicología sexual _2embne _916572 |
|
| 700 | 1 |
_aScholz, Manuel. _9104641 |
|
| 852 |
_aES-MaACL _jC-28633 _bR.57991 |
||
| 999 |
_c59323 _d59323 |
||